MARC

LEADER 00000nab a2200000 ar4500
001 vtls011508790
003 SK-MaSNL
005 20260305040858.0
008 160229c2015 xo wr|p|||||||000 b|slo
038 |a PPPK 
040 |a PPPKCL  |b slo  |c PPPKCL  |e AACR2 
041 0 |a slo 
044 |a xo  |c SK 
080 |a 7.092:616-007.71  |2 2011 
245 0 0 |a Druhá vicemiss Spiša  |c [Text a foto] (tj) 
300 |b Fotogr. 
600 1 7 |a Bazárová, Tatiana  |2 pppkcl  |9 1620907 
600 1 7 |a Lorencová, Alžbeta  |2 pppkcl  |9 1106191 
610 2 7 |a Spišské divadlo  |2 pppkcl  |9 32010 
611 2 7 |a Miss Spiša  |n (19. :  |d 2015 :  |c Spišská Nová Ves, Slovensko)  |2 pppkcl  |9 1620908 
648 7 |a 12.6.2015  |2 pppkcl  |9 1096414 
650 0 7 |a súťaže krásy  |2 pppkcl  |9 22370 
651 7 |a Spišská Nová Ves (Slovensko)  |2 pppkcl  |9 28800 
651 7 |a Levoča (Slovensko : okres)  |2 pppkcl  |9 30131 
773 0 |t Naše novinky : Levoča  |g Roč. II, č. 12 (2015), s. 14  |x 1339-648X 
852 |a PPPK  |b KIS3GCP 
999 |c 3340821  |d 3342751